Teams with most League wins from every Fifa Nation - Statistics

General Stats
  • This quiz has been taken 10 times
    3 since last reset
  • The average score is 40 of 210
Answer Stats
Country Leagues Won Answer % Correct
Fiji 21 Ba
100%
England 20 Manchester United/Liverpool
100%
France 13 PSG
100%
Spain 36 Real Madrid
100%
Netherlands 36 Ajax
67%
Egypt 45 Al Ahly
67%
United Arab Emirates 14 Al Ain
67%
Saudi Arabia 21 Al Hilal
67%
Belgium 34 Anderlecht
67%
Cyprus 29 APOEL
67%
Kazakhstan 7 Astana
67%
Ecuador 16 Barcelona
67%
Belarus 15 BATE Borisov
67%
Germany 34 Bayern Munich
67%
Portugal 38 Benfica
67%
Scotland 55 Celtic/Rangers
67%
Mexico 16 Club America
67%
Chile 34 Colo-Colo
67%
Denmark 16 Copenhagen
67%
Serbia 36 Crvena Zvezda
67%
Bulgaria 31 CSKA Sofia
67%
Georgia 19 Dinamo Tbilisi
67%
Croatia 25 Dinamo Zagreb
67%
Ukraine 17 Dynamo Kyiv
67%
Turkey 28 Fenerbahçe
67%
Hungary 36 Ferencváros
67%
Estonia 32 Flora
67%
Finland 33 HJK Helsinki
67%
Italy 36 Juventus
67%
United States 6 LA Galaxy
67%
Poland 15 Legia Warsaw
67%
Israel 26 Maccabi Tel Aviv
67%
Sweden 27 Malmö
67%
Slovenia 16 Maribor
67%
Greece 48 Olympiacos
67%
Azerbaijan 12 Qarabag
67%
Austria 32 Rapid Wien
67%
Argentina 38 River Plate
67%
Norway 26 Rosenborg
67%
Moldova 21 Sheriff
67%
Slovakia 15 Slovan Bratislava
67%
Czechia 14 Sparta Prague
67%
Romania 28 Steaua București/FCSB
67%
Australia 5 Sydney FC
67%
Libya 18 Al-Ittihad
33%
Colombia 18 Atlético Nacional
33%
Montenegro 7 Buducnost
33%
Tunisia 34 Espérance Tunis
33%
China 8 Guangzhou
33%
Faroe Islands 24 HB Tórshavn
33%
South Korea 10 Jeonbuk Hyundai
33%
Iceland 27 KR
33%
Gibraltar 5 Lincoln Red Imps
33%
Northern Ireland 57 Linfield
33%
South Africa 15 Mamelodi Sundowns
33%
Paraguay 47 Olimpia
33%
Honduras 39 Olimpia
33%
Brazil 12 Palmeiras
33%
Uruguay 52 Peñarol
33%
Kosovo 11 Prishtina
33%
Armenia 16 Pyunik
33%
Ireland 22 Shamrock Rovers
33%
Myanmar 6 Shan United
33%
Malta 26 Sliema Wanderers/Floriana
33%
Russia 10 Spartak Moscow/Zenit
33%
Wales 17 The New Saints
33%
Albania 26 Tirana
33%
San Marino 8 Tre Fiori
33%
North Macedonia 11 Vardar
33%
Lithuania 11 Zalgiris
33%
Bosnia 9 Zrinjski
33%
Togo 10 AC Semassi
0%
Turks and Caicos Islands 7 AFC Academy
0%
Yemen 11 Al-Ahli Sana'a
0%
Jordan 35 Al-Faisaly
0%
Sudan 31 Al Hilal Omdurman
0%
Syria 17 Al-Jaish
0%
Bahrain 35 Al-Muharraq SC
0%
Guyana 5 Alpha United
0%
Qatar 18 Al Sadd
0%
Turkmenistan 8 Altyn Asyr
0%
Iraq 14 Al-Zawraa
0%
Lebanon 15 Ansar
0%
Rwanda 23 APR
0%
North Korea 23? April 25
0%
Ghana 25 Asante Kotoko
0%
Djibouti 8 ASAS Djibouti Télécom
0%
Tahiti 21 AS Central Sport
0%
Senegal 13 ASC Jaraaf
0%
Benin 12 AS Dragons FC de l'Ouémé
0%
Ivory Coast 29 ASEC Mimosas
0%
Burkina Faso 13 ASFA Yennenga/Etoile Filante
0%
New Caledonia 15 AS Magenta
0%
South Sudan 3 Atlabara
0%
Afghanistan 2? Attack Energy
0%
New Zealand 12/8 Auckland City
0%
Saint Vincent and the Grenadines 4 Avenues United FC
0%
Bahamas 7 Bears
0%
Belize 9 Belmopan Bandits
0%
Namibia 10 Black Africa
0%
Sri Lanka 1? Blue Stars
0%
Bolivia 31 Bolivar
0%
Thailand 11 Buriram United
0%
Venezuela 12 Caracas
0%
Dominican Republic 6 Cibao
0%
Madagascar 7 CNaPS Sport
0%
Comoros 7 Coin Nord
0%
Guatemala 32 Comunicaciones/Municipal
0%
Cameroon 18 Coton Sport
0%
Cape Verde 13 CS Mindelense
0%
Aruba 17 Dakota/RCA
0%
Trinidad and Tobago 25 Defence Force
0%
Bangladesh 6 Dhaka Abahani
0%
Oman 12 Dhofar
0%
Nicaragua 34 Diriangén
0%
Mali 24 Djoliba
0%
Kyrgyzstan 13 Dordoi Bishkek
0%
Zimbabwe 21 Dynamos
0%
Sierra Leone 12 East End Lions
0%
Antigua and Barbuda 13 Empire
0%
Nigeria 9 Enyimba
0%
Mongolia 13 Erchim
0%
Congo 11 Etolie du Congo
0%
El Salvador 19 FAS/Alianza
0%
Gabon 11 FC 105 Libreville
0%
Malawi 17 FCB Nyasa Big Bullets
0%
Mauritania 13 FC Nouadhibou
0%
Andorra 13 FC Santa Coloma
0%
Mozambique 18 Ferroviario Maputo
0%
Mauritius 13 Fire Brigade/FC Dodo
0%
Canada 7 Forge
0%
Kenya 21 Gor Mahia
0%
Switzerland 27 Grasshopperr
0%
Guam 9 Guam Shipyard
0%
Vietnam 6 Hanoi/The Cong Viettel
0%
Dominica 20 Harlem United
0%
Papua New Guinea 10 Hekari United
0%
US Virgin Islands 5 Helenites
0%
Guinea 21 Horoya AC
0%
Grenada 7 Hurricanes/Paradise
0%
British Virgin Islands 8 Islanders FC
0%
Tajikistan 14 Istiklol
0%
Luxembourg 28 Jeunesse Esch
0%
Malaysia 11 Johor Darul Ta'zim
0%
Algeria 14 JS Kabylie
0%
Timor Leste 4 Karketu Dili
0%
Japan 9 Kashima Antlers
0%
Pakistan 5 Khan Research Laboratories
0%
Samoa 7 Kiwi
0%
Kuwait 20 Kuwait SC
0%
Macau 9 Lam Pak
0%
Laos 8 Lao Army
0%
Tonga 16 Lotoha'apai United
0%
Nepal 8 Manang Marshyangdi Club
0%
Lesotho 11 Matlama
0%
Maldives 6 Maziya
0%
Eswatini 13 Mbabane Highlanders
0%
Puerto Rico 5 Metropolitan FA
0%
Liberia 13 Mighty Barrolle/Invisible Eleven
0%
Somalia 11 Mogadishu City Club
0%
India 7 Mohun Bagan
0%
Brunei 4 MS ABDB
0%
Saint Kitts and Nevis 16 Newtown United
0%
Zambia 13 Nkana
0%
Central African Republic 13 Olympic Real de Bangui
0%
American Samoa 9 Pago Youth
0%
Uzbekistan 16 Pakhtakor
0%
Bhutan 6 Paro
0%
Iran 16 Persepolis
0%
Indonesia 11 Persija
0%
Angola 19 Petro Luanda
0%
Bermuda 13 PHC Zebras
0%
Cambodia 8 Phnom Penh
0%
Jamaica 7 Portmore United
0%
Haiti 14 Racing CH
0%
Eritrea 14 Red Sea
0%
Chad 10 Renaissance
0%
Anguilla 11 Roaring Lions
0%
Suriname 27 Robinhood
0%
Montserrat 5? Royal Montserrat Police Force
0%
Niger 13 Sahel SC
0%
Ethiopia 31 Saint George
0%
Seychelles 16 Saint Louis Suns United
0%
Costa Rica 40 Saprissa
0%
Cayman Islands 16 Scholars International
0%
Uganda 17 SC Villa
0%
Palestine 7 Shabab Al-Khalil/Khadamat Rafah
0%
Latvia 15 Skonto Riga
0%
Solomon Islands 8 Solomon Warriors
0%
Equatorial Guinea 16 Sony de Elá Nguema
0%
Hong Kong 41 South China
0%
Guinea Bissau 15 Sport Bissau e Benfica
0%
Sao Tome and Principe 8 Sporting Praia Cruz
0%
Curacao 21 SV SUBT
0%
Vanuatu 16 Tafea
0%
Taiwan 5 Tainan City
0%
Panama 17 Tauro
0%
Botswana 16 Township Rollers
0%
DR Congo 20 TP Mazembe
0%
Cook Islands 20 Tupapa Maraerenga
0%
Philippines 4 United City
0%
Peru 29 Universitario
0%
Cuba 14 Villa Clara
0%
Burundi 20 Vital'O
0%
Saint Lucia 9 VSADC
0%
Gambia 16 Wallidan
0%
Singapore 9 Warriors
0%
Barbados 21 Weymouth Wales
0%
Morocco 22 Wydad AC
0%
Tanzania 31 Young Africans
0%
No matching quizzes found
Score Distribution
Percent of People with Each Score
Percentile by Number Answered
Your Score History
You have not taken this quiz since the last reset